000
00357nam a2200169Ia 4500
100
_a
Dubey/Gopal K
250
_a
2
942
_c
BK
366
_f
15
654
_a
electrical drives
245
_a
Fundamentals of Electrical drives
260
_b
Narosa Pub House
_c
1995
082
_a
621.3135
_b
DUB
300
_a
392
546
_a
ENGLISH
999
_c
33477
_d
33477